| 000 | 00882nam a2200229 i 4500 | ||
|---|---|---|---|
| 001 | 77234 | ||
| 003 | ES-MaACL | ||
| 005 | 20260215162910.0 | ||
| 007 | t| | ||
| 008 | 041007s1913 fr ||||1| fre d | ||
| 100 | 1 |
_aHamaide, Emile. _961635 |
|
| 245 | 1 | 4 |
_aLes régimes alimentaires dans les maladies des voies digestives et de la nutrition / _cpar Hamaide et Nigay ; avec notices hydrologiques complémentaire sur les maladies des voies digestives, d'après Albert Mathieu, sur les maladies de la nutrition par Marcel Labbé. |
| 260 |
_aParis : _bE. Bougault, _c[1913] ( _fA. Davy) |
||
| 300 |
_a192 p. ; _c18 cm. |
||
| 650 | 0 | 4 |
_aAparato digestivo- _xEnfermedades. _99906 |
| 650 | 0 | 4 |
_aNutrición. _915650 |
| 700 | 1 |
_aNigay, Antoine. _985735 |
|
| 700 | 1 |
_aMathieu, Albert _979042 |
|
| 700 | 1 |
_aLabbé, Marcel. _969227 |
|
| 852 |
_aES-MaACL _jF-1345 |
||
| 999 |
_c77234 _d77234 |
||